000 01195nam a2200373 i 4500
001 38252
003 KOSZ 005
005 20191011121641.0
008 000505s2000 pl f f |000 0 pol d
020 _a8385360107
040 _cKOSZ 005
_aKOSZ 005
_dKOSZ 005/HR
046 _k2000
080 _a330.101.542
080 _a(075.8)
245 7 0 _aMikroekonomia /
_cpod red. Danuty Kopycińskiej ; [aut. T. Bernat et al.].
250 _aWyd. 4 uzup. i popr.
260 _aSzczecin :
_b[s. n.],
_c2000.
300 _a332 s. :
_bwykr. ;
_c24 cm.
336 _2rdacontent
_aTekst
_btxt
337 _2rdamedia
_aBez urządzenia pośredniczącego
_bn
338 _2rdacarrier
_aWolumin
_bnc
380 _aKsiążki
380 _aPublikacje dydaktyczne
388 _a1901-2000
388 _a1989-2000
504 _aBibliogr. s. 331-332.
658 _aGospodarka, ekonomia, finanse
655 4 _aPodręczniki akademickie
650 4 _aMikroekonomia
700 1 _aKopycińska, Danuta
_eRedakcja
700 1 _aBernat, Tomasz
_eAutor
856 _uhttp://koha.tu.koszalin.pl/cgi-bin/koha/opac-detail.pl?biblionumber=38252
_yKatalog online BPK
942 _cKS
_2UKD
999 _c38252
_d38252